Enfermedades respiratorias /

Un repaso por las distintas enfermedades respiratorias que se desarrollan en la infancia (especialmente, en menores de tres meses) y en personas mayores de 65 años, como la bronquiolitis y la neumonía. El Dr. Pablo Ferrer y el equipo del Centro de Salud del Barrio Libertador de San Martín nos coment...

Descripción completa

Guardado en:
Autor Corporativo: Canal Encuentro.
Otros Autores: Díaz, Julieta; Conducción.
Formato: Deslizar
Publicado: Argentina, 2010
Series:Al gran pueblo, salud
Materias:
Acceso en línea:https://www.youtube.com/watch?v=%5F63t9a0Nz9k
Etiquetas: Agregar Etiqueta
Sin Etiquetas, Sea el primero en etiquetar este registro!
LEADER 01338ngm a22003255g 4500
001 CEM.cems023608
008 130507s2010##################0###0#####d
005 20250617140223.0
245 1 0 |a Enfermedades respiratorias /  |c Canal Encuentro. 
260 |a Argentina,  |c 2010 
300 |a 45'. 
490 0 |a Al gran pueblo, salud 
520 |a Un repaso por las distintas enfermedades respiratorias que se desarrollan en la infancia (especialmente, en menores de tres meses) y en personas mayores de 65 años, como la bronquiolitis y la neumonía. El Dr. Pablo Ferrer y el equipo del Centro de Salud del Barrio Libertador de San Martín nos comentan la importancia de la prevención y la acción temprana. 
538 |a Soporte: DVD - Color: Si - Grabación DRD 
500 |a Consultar en ventanilla. 
110 2 |a Canal Encuentro. 
700 1 |a Díaz, Julieta; Conducción. 
710 2 |a Canal Encuentro. 
082 3 6 |/ DIA 
653 |a BIOLOGIA 
653 |a SALUD 
653 |a ENFERMEDADES 
653 |a SALUD PUBLICA 
653 |a EDUCACION PARA LA SALUD 
653 |a MEDICINA 
653 |a MEDICINA PREVENTIVA 
653 |a ENFERMEDADES RESPIRATORIAS 
653 |a SERIE DE TELEVISIÓN 
856 |u https://www.youtube.com/watch?v=%5F63t9a0Nz9k 
859 |a CEMS  |b BIB. CEMS - Depto. Recursos Didacticos  |h 362  |i DIA  |k DRD  |p 2251.15  |t Ej.1